000 00516nam a2200169 4500
001 126005
003 ES-MaACL
005 20230906192732.0
007 t|
008 070214s1981 sp r ||||1| spa d
100 1 _aRehbinder, Manfred.
_995943
245 1 0 _aSociología del Derecho /
_cManfred Rehbinder ; traducción de Gregorio Robles Morchón.
260 _aMadrid :
_bPirámide,
_c1981.
300 _a197 p. ;
_c21 cm.
700 1 _aRobles Morchón, Gregorio.
_997948
852 _aES-MaACL
_jL-1386
_bR.101501
999 _c126005
_d126005